Sinh hóa cơ bản

Sparad:
Bibliografiska uppgifter
Huvudupphovsman: NGUYỄN ĐÌNH HUYÊN
Materialtyp: Bok
Språk:Undetermined
Publicerad: Tp. HCM ĐHQG 2001
Ämnen:
Taggar: Lägg till en tagg
Inga taggar, Lägg till första taggen!
Thư viện lưu trữ: Trung tâm Học liệu Trường Đại học Cần Thơ
LEADER 00468nam a2200169Ia 4500
001 CTU_47992
008 210402s9999 xx 000 0 und d
082 |a 572 
082 |b H527/T2 
100 |a NGUYỄN ĐÌNH HUYÊN 
245 0 |a Sinh hóa cơ bản 
245 0 |c NGUYỄN ĐÌNH HUYÊN, Hà Ái Quốc 
260 |a Tp. HCM 
260 |b ĐHQG 
260 |c 2001 
650 |a biochemistry 
980 |a Trung tâm Học liệu Trường Đại học Cần Thơ